| 000 | 00500nam a2200169Ia 4500 | ||
|---|---|---|---|
| 008 | 230718s9999 xx 000 0 und d | ||
| 020 | _a9780262037242 | ||
| 041 | _aeng | ||
| 082 |
_a006.7'8 _bFOS |
||
| 100 |
_aFoster I. _9203199 |
||
| 245 | _aCloud Computing For Science And Engineering | ||
| 260 |
_c2017 _bThe MIT Press |
||
| 300 |
_a372 _dRef 1622 C (64182) |
||
| 365 |
_cRs. _b4581.50 |
||
| 700 |
_aFoster I. & Gannon D.B. _9203200 |
||
| 906 |
_dO:0760812-Nov-2022B:IN40014-Oct-2022 _cTC _b916.3 |
||
| 999 |
_c352971 _d352971 |
||